zpět

Detail výsledku týmu

Restaurace Pod Hůrkou, Klatovy

Datum a čas kvízu

39 Celkem bodů Celkový počet nahraných bodů na tomto kvízu bez doplňovacích otázek.
1. Pořadí na kvízu Konečné umístění týmu na tomto kvízu.

Zaznamenané odpovědi

# Otázka Odpověď Body Výsledky
1. Minulý týden bylo oznámeno, že... Intercamp 0
2. Která známá sladká pochutina s... Nutella 1
3. Kterému rapperovi byl zakázán... Kanyemu Westovi 1
4. Americký deník The New York Ti... bitcoin 1
5. Ze soboty na neděli se v Miami... Carlos Ulberg 1
6. Vaším prvním úkolem v dnešním... 1B 2C 3A 4D 1
7. Poznejte (parodii na) gangster... Někdo to rád horké (Some Like It Hot) 1
8. Bud Spencer a Terence Hill spo... v Itálii 1
9. Gangster, na kterého se ptáme,... Jabba Hutt 1
10. Uveďte jméno i příjmení postav... John Wick 1